Aplikovaná ekologie dlouhodobá udržitelnost rybářské, zemědělské a lesnické produkce

Enregistré dans:
Détails bibliographiques
Auteur principal: Pivnička, Karel
Collectivité auteur: Univerzita Karlova v Praze. Přírodovědecká fakulta
Format: Livre
Langue:tchèque
Publié: Praha Karolinum 2004
Édition:1. vydání
Collection:Učební texty Univerzity Karlovy v Praze
Sujets:
Tags: Ajouter un tag
Pas de tags, Soyez le premier à ajouter un tag!

MARC

LEADER 00000nam a2200000 4500
001 0248522
005 20230222130208.7
020 |a 80-246-0599-6 
041 0 |a cze 
044 |a CZ 
245 1 0 |a Aplikovaná ekologie  |b dlouhodobá udržitelnost rybářské, zemědělské a lesnické produkce  |c Karel Pivnička 
250 |a 1. vydání 
264 1 |a Praha  |b Karolinum  |c 2004 
300 |a 185 s. 
490 1 |a Učební texty Univerzity Karlovy v Praze 
830 0 |a Učební texty Univerzity Karlovy v Praze 
610 2 0 |a ekológia 
610 2 0 |a rybárstvo 
610 2 0 |a poľnohospodárstvo 
610 2 0 |a lesníctvo 
610 2 0 |a produkcia 
100 1 |a Pivnička, Karel 
710 2 |a Univerzita Karlova v Praze. Přírodovědecká fakulta